Random College Football Teams by State - Statistics

General Stats
  • This quiz has been taken 356 times
    40 since last reset
  • The average score is 17 of 20
Answer Stats
College State % Correct
Sacramento State California
100%
San Diego State California
100%
Miami Florida | Ohio
100%
Louisville Kentucky
100%
Tulsa Oklahoma
100%
Memphis Tennessee
100%
Northwestern Illinois
93%
Notre Dame Indiana
93%
Cincinnati Ohio
93%
Houston Texas
93%
Sam Houston Texas
93%
SMU Texas
93%
Boise State Idaho
92%
Buffalo New York
92%
Rice Texas
88%
James Madison Virginia
88%
Auburn Alabama
87%
Boston College Massachusetts
87%
Charlotte North Carolina
87%
Bowling Green Ohio
87%
Baylor Texas
87%
Wake Forest North Carolina
86%
San Jose State California
85%
Air Force Colorado
85%
Vanderbilt Tennessee
83%
BYU Utah
83%
Purdue Indiana
82%
Toledo Ohio
82%
Clemson South Carolina
81%
Tulane Louisiana
80%
Syracuse New York
80%
Akron Ohio
80%
Stanford California
79%
Ball State Indiana
79%
Pittsburgh Pennsylvania
77%
Rutgers New Jersey
76%
Old Dominion Virginia
75%
Marshall West Virginia
75%
Fresno State California
71%
Kent State Ohio
71%
Army New York
70%
Troy Alabama
69%
Jacksonville State Alabama
67%
Navy Maryland
67%
Kennesaw State Georgia
64%
Appalachian State North Carolina
62%
Temple Pennsylvania
60%
Duke North Carolina
58%
Liberty Virginia
56%
No matching quizzes found
Score Distribution
Percent of People with Each Score
Percentile by Number Answered
Your Score History
You have not taken this quiz since the last reset